Rappers by Record Label - Statistics

General Stats
  • This quiz has been taken 23 times
  • The average score is 12 of 26
Answer Stats
Hint Answer % Correct
Travis Scott Cactus Jack Records
81%
Drake OVO Sound
81%
Lil Wayne Young Money Entertainment
69%
Young Thug YSL Records
69%
Diddy Bad Boy Records
63%
J. Cole Dreamville Records
63%
Playboi Carti Opium
63%
Jay-Z Roc-a-Fella Records
63%
Eminem Shady Records
56%
Dr. Dre Aftermath Entertainment
50%
Kanye West GOOD Music
50%
50 Cent G-Unit Records
50%
Rick Ross Maybach Music Group
50%
ASAP Rocky AWGE
44%
Birdman Cash Money Records
44%
Kendrick Lamar PGLang
44%
Nas Mass Appeal Records
38%
Tyler, the Creator Odd Future Records
38%
Eazy-E Ruthless Records
38%
Future Freebandz
31%
Meek Mill Dream Chasers Records
25%
Gucci Mane 1017 Records
19%
Nelly Derrty Entertainment
19%
Master P No Limit Records
19%
Jeezy CTE World
13%
T.I. Grand Hustle Records
13%
No matching quizzes found
Score Distribution
Percent of People with Each Score
Percentile by Number Answered
Your Score History
You have not taken this quiz